Motocykly Jawa 50-90 cm3 : historie, technika, prototypy, sport /

Hlavní autor: Pavlůsek, Alois
Jazyk: Čeština
Vydáno: Brno : CPress, 2013
Vydání: 2. vyd.
Edice: Motoalbum (CPress)
Témata:
Fyzický popis: 160 s. : il. (některé barev.), faksim. ; 25 cm
Knihy
Uloženo v:
LEADER 01862nam a2200529 a 4500
001 nkc20132441758
003 CZ PrNK
005 20130527090830.0
007 ta
008 130214s2013 xr ah f 001 0 cze
015 |a cnb002441758 
020 |a 978-80-264-0157-5  |q (váz.) 
035 |a (OCoLC)847727617 
040 |a OLA001  |b cze 
043 |a e-xr--- 
045 |a x5x7 
072 7 |a 629  |x Dopravní prostředky  |2 Konspekt  |9 19 
080 |a 629.326  |2 MRF 
080 |a (437.3)  |2 MRF 
080 |a (048.8)  |2 MRF 
100 1 |a Pavlůsek, Alois  |7 xx0027446  |4 aut 
245 1 0 |a Motocykly Jawa 50-90 cm3 :  |b historie, technika, prototypy, sport /  |c Alois Pavlůsek 
246 3 0 |a Jawa 50-90 cm3 
250 |a 2. vyd. 
260 |a Brno :  |b CPress,  |c 2013 
300 |a 160 s. :  |b il. (některé barev.), faksim. ;  |c 25 cm 
490 1 |a Motoalbum 
504 |a Obsahuje bibliografii a rejstřík 
648 4 |a 1953-1973 
648 7 |a 20. století  |7 ch460558  |2 czenas 
650 0 7 |a Jawa (motocykly)  |7 ph170614  |2 czenas 
650 0 7 |a Jawa 50 Pionýr  |7 ph412820  |2 czenas 
650 0 7 |a motocykly  |7 ph115359  |z Česko  |y 20. století  |2 czenas 
650 0 9 |a Jawa motorcycle  |2 eczenas 
650 0 9 |a Jawa 50 Pionýr  |2 eczenas 
650 0 9 |a motorcycles  |z Czechia  |y 20th century  |2 eczenas 
655 7 |a monografie  |7 fd132842  |2 czenas 
655 9 |a monographs  |2 eczenas 
830 0 |a Motoalbum (CPress)  |0 s 
910 2 |a BOA001  |b 2-1305.104 
928 9 |a Albatros Media - CPress 
990 |a BK 
995 |a 01 
991 |b 201304  |c NOV  |e n 
996 6 |b 2610547267  |c 2-1305.104  |l MZK  |r Sklad / do 1 hodiny  |n 0  |p p.v.  |w 001323547  |u 000010  |a 1  |e BOA001  |j MZK50  |s P 
996 6 |b 2610550576  |c 2-1305.104  |l MZK  |r STM 6p  |n 0  |p kup  |h 629.32 PAV  |w 001323547  |u 000020  |a 0  |e BOA001  |j MZK50  |s P 
996 7 |b 2610550577  |c 2-1305.104  |l MZK  |r Sklad / do 1 hodiny  |n 1  |p kup  |w 001323547  |u 000030  |a 1  |e BOA001  |j MZK50  |s A